|
|
|
|
| LEADER |
01132nam a2200253 a 4500 |
| 001 |
00025981 |
| 008 |
121008s1997 enk 000 0 eng d |
| 020 |
|
|
|a 978853264849
|
| 040 |
|
|
|a DLC
|c DLC
|d DLC
|d BD-DhAAL
|
| 082 |
0 |
0 |
|a 154.6/34
|2 20
|
| 100 |
1 |
|
|a Freud, Sigmund,
|d 1856-1939.
|
| 245 |
1 |
4 |
|a The interpretation of dreams /
|c Sigmund Freud ; translated by A.A. Brill ;introduction by Stephen Wilson.
|
| 260 |
|
|
|a Hertfordshire :
|b Wordsworth,
|c 1997.
|
| 300 |
|
|
|a xiv, 452 p. ;
|c 23 cm.
|
| 490 |
1 |
|
|a Wordsworth classics of World literature.
|
| 541 |
1 |
|
|e 00025981
|
| 650 |
|
0 |
|a Dream interpretation.
|
| 650 |
|
0 |
|a Psychoanalysis.
|
| 700 |
1 |
|
|a Brill, A.A.
|
| 700 |
1 |
|
|a Wilson, Stephen.
|
| 852 |
1 |
|
|a Ayesha Abed Library
|j General shelf
|
| 999 |
|
|
|c 12889
|d 12889
|
| 952 |
|
|
|0 0
|1 0
|4 0
|6 154_634000000000000_FRE
|7 0
|9 21245
|a BRACUL
|b BRACUL
|c GEN
|d 2012-10-08
|e Friend's Book
|g 550.00
|l 24
|m 202
|o 154.634 FRE
|p 3010025981
|r 2026-05-16
|s 2026-05-16
|t 1
|w 2012-10-08
|y BK
|
| 952 |
|
|
|0 0
|1 0
|4 0
|6 154_634000000000000_FRE
|7 0
|9 21246
|a BRACUL
|b BRACUL
|c GEN
|d 2012-10-08
|e Friend's Book
|g 550.00
|l 26
|m 167
|o 154.634 FRE
|p 3010025982
|r 2026-04-13
|s 2026-04-06
|t 2
|w 2012-10-08
|y BK
|